000 00228nam a2200097Ia 4500
005 20251222114413.0
008 251222s1900||||xx |||||||||||||| ||spa||
082 _aDVD0097/R84
245 4 _aThe golden age of the piano:
942 _cDVD
999 _c2130
_d2130